Fade to Black, by Metallica Lyrics - Statistics

General Stats
  • This quiz has been taken 52 times
  • The average score is 74 of 126
Answer Stats
Answer % Correct
I
100%
fade
89%
it
89%
to
89%
To
89%
away
86%
Life
86%
no
86%
No
86%
seems
86%
every
79%
not
79%
Nothing
79%
nothing
79%
day
75%
me
75%
the
75%
will
75%
give
71%
have
71%
is
71%
live
71%
more
71%
else
68%
Further
68%
lost
68%
one
68%
can
64%
for
64%
free
64%
matters
64%
myself
64%
Simply
64%
be
61%
end
61%
of
61%
set
61%
Drifting
57%
Getting
57%
Need
57%
There
57%
can't
54%
it's
54%
within
54%
but
50%
late
50%
too
50%
gone
46%
now
46%
Now
46%
inside
43%
this
43%
feel
39%
hell
39%
save
39%
say
39%
was
39%
why
39%
darkness
36%
Death
36%
goodbye
36%
Missing
36%
real
36%
stand
36%
Things
36%
think
36%
agony
32%
as
32%
even
32%
he's
32%
just
32%
never
32%
should
32%
taking
32%
they
32%
try
32%
used
32%
what
32%
point
29%
Yesterday
29%
dawn
25%
Emptiness
25%
filling
25%
Growing
25%
existed
21%
greets
21%
though
21%
warm
21%
Deathly
18%
Cannot
14%
No matching quizzes found
Score Distribution
Percent of People with Each Score
Percentile by Number Answered
Your Score History
You have not taken this quiz